000 00474nam a2200157Ia 4500
008 240729s9999 xx 000 0 und d
022 _a2577-509X
245 0 _aJournal of Global Education and Research
260 _aUnited States
260 _bUniversity of South Florida (USF) M3 Publishing
650 _a Theory and practice of education
650 _aEducation
856 _uhttps://doaj.org/toc/b5b706a143504eb9a0eb82d1b1ac7943
942 _2ddc
942 _cDOAJEJ
999 _c72742
_d72742
945 _a1
_bMadushi Gamage
_c1
_dMadushi Gamage